| 000 | 00774ngm a2200313 a 4500 | ||
|---|---|---|---|
| 003 | OSt | ||
| 005 | 20251020182656.0 | ||
| 008 | 240217s9999 xx 000 0 und d | ||
| 040 | _aPE SENCICO BE | ||
| 040 | _cPE SENCICO BE | ||
| 041 | _aspa | ||
| 082 | _aE015 | ||
| 245 | 0 | _aMi casa es posible: Programa de autoconstrucción, capítulos: 1, 2, 3, 4, 5, 6, 7, 8 y 9 / | |
| 245 | 0 | _cCementos Apasco | |
| 260 | _aMéxico, D.F. | ||
| 260 | _bCementos Apasco | ||
| 260 | _c1996 | ||
| 300 | _a1 VIDEO | ||
| 300 | _bson., Col. | ||
| 300 | _c11' | ||
| 490 | _aVIVIENDA Y ACABADOS | ||
| 520 | _aCapítulos del 1 al 9 | ||
| 650 | _aACABADOS | ||
| 650 | _aAUTOCONSTRUCCION | ||
| 650 | _aVIVIENDA | ||
| 651 | _aMÉXICO | ||
| 910 | _aila. | ||
| 942 |
_cVID _2ddc |
||
| 999 |
_c4685 _d4685 |
||